000 00321nam a22001457a 4500
020 _a978-0415584388
041 _aENG
100 _aTwidell.J
245 _aRenewable Energy Resources
250 _asewcond Ed
260 _aDelhi
_bTaylor & Francis
_c2013
300 _a601
650 _aEOES
856 _uEOES ( 12 )
999 _c1237
_d1237